Internationalisation of European ICT activities : dynamics of information and communication technology /

Bibliographic Details
Corporate Author: SpringerLink (Online service)
Other Authors: Dachs, Bernhard, Meijers, Huub, Welfens, Paul J. J.
Format: eBook
Language:English
Published: New York : Springer, 2008.
Subjects:
Online Access:Connect to the full text of this electronic book

MARC

Tag First Indicator Second Indicator Subfields
LEADER 00000cam a2200000Ia 4500
001 in00002474021
005 20210727074325.0
006 m d
007 cr cn|||||||||
008 081009s2008 nyua sb 000 0 eng d
020 |a 3540771093 
020 |a 9783540771098 
035 |a (OCoLC)261325815 
035 |a (OCoLC)ocn261325815 
035 |a 3069278 
037 |a 978-3-540-77108-1  |b Springer  |n http://www.springerlink.com 
040 |a GW5XE  |b eng  |c GW5XE  |d GW5XE  |d UtOrBLW 
043 |a e------ 
049 |a TEFA 
050 1 4 |a HC240.9.I55  |b I58 2008eb 
082 0 4 |a 303.4833094  |2 22 
245 0 0 |a Internationalisation of European ICT activities :  |b dynamics of information and communication technology /  |c Huub Meijers, Bernhard Dachs, Paul J.J. Welfens (editors). 
264 1 |a New York :  |b Springer,  |c 2008. 
300 |a xi, 352 pages :  |b illustrations ;  |c 25 cm. 
336 |a text  |b txt  |2 rdacontent 
337 |a computer  |b c  |2 rdamedia 
338 |a online resource  |b cr  |2 rdacarrier 
500 |a Electronic resource. 
504 |a Includes bibliographical references. 
533 |a Electronic reproduction.  |b New York :  |c Springer,  |d 2008.  |n Mode of access: World Wide Web.  |n System requirements: Web browser.  |n Title from title screen (viewed on Oct. 1, 2008).  |n Access may be restricted to users at subscribing institutions. 
650 0 |a High technology industries  |z Europe. 
650 0 |a Information technology  |z Europe. 
650 0 |a Technological innovations  |z Europe.  |0 http://id.loc.gov/authorities/subjects/sh2009103031 
655 7 |a Electronic books.  |2 local 
700 1 |a Dachs, Bernhard.  |0 http://id.loc.gov/authorities/names/n2001086948 
700 1 |a Meijers, Huub.  |0 http://id.loc.gov/authorities/names/n2008051129 
700 1 |a Welfens, Paul J. J.  |0 http://id.loc.gov/authorities/names/n85043078 
710 2 |a SpringerLink (Online service)  |0 http://id.loc.gov/authorities/names/no2005046756 
776 1 |c Original  |z 9783540771081  |z 3540771085  |w (DLC) 2008922732  |w (OCoLC)237049503 
856 4 0 |u http://proxy.library.tamu.edu/login?url=https://dx.doi.org/10.1007/978-3-540-77109-8  |z Connect to the full text of this electronic book  |t 0 
994 |a C0  |b TEF 
999 |a MARS 
999 f f |s 5b5821b7-0f3a-362b-9c82-7f55a9a0429c  |i d02636fd-f550-3cce-a46c-d5e91d6870df  |t 0 
952 f f |a Texas A&M University  |b College Station  |c Electronic Resources  |d Available Online  |t 0  |e HC240.9.I55 I58 2008eb  |h Library of Congress classification 
998 f f |a HC240.9.I55 I58 2008eb  |t 0  |l Available Online